Practical enzymology
Պահպանված է:
| Հիմնական հեղինակ: | |
|---|---|
| Ձևաչափ: | Գիրք |
| Լեզու: | անգլերեն |
| Հրապարակվել է: |
Weinheim
Wiley-vch Verlag Gmbh
2004
|
| Խորագրեր: | |
| Ցուցիչներ: |
Ավելացրեք ցուցիչ
Չկան պիտակներ, Եղեք առաջինը, ով նշում է այս գրառումը!
|
MARC
| LEADER | 00000nam a2200000 a 4500 | ||
|---|---|---|---|
| 001 | UCI0941 | ||
| 003 | CL-VaPUC | ||
| 008 | 070608e20040000GW |||||||||||||||||eng|d | ||
| 020 | |a 3527304444 | ||
| 082 | 0 | 4 | |a 572.7 |b BIS |2 21 |
| 100 | 0 | |a Bisswanger, Hans |e author |9 521159 | |
| 245 | 1 | 0 | |a Practical enzymology |
| 300 | |a 255 p | ||
| 942 | |c BK | ||
| 945 | |d 20070608 00:00:00 |a jtorresc | ||
| 260 | |a Weinheim |b Wiley-vch Verlag Gmbh |c 2004 | ||
| 650 | 7 | |a ENZIMOLOGIA |2 CL-VaPUC |9 263051 | |
| 650 | 0 | |a Enzimas |9 262984 | |
| 650 | 7 | |a PRODUCTOS QUIMICOS ORGANICOS |2 CL-VaPUC |9 344420 | |
| 650 | 7 | |a BIOQUIMICA ANALITICA |2 CL-VaPUC |9 521160 | |
| 650 | 0 | |a Análisis |9 259550 | |
| 583 | |a last modification |c 20140406 05:34:40 |k Rodrigo Vera | ||
| 999 | |c 325894 |d 325892 | ||
| 952 | |0 0 |1 0 |4 0 |6 572_700000000000000_BIS_2004 |7 0 |8 A |9 407380 |a BIBCUR |b BIBCUR |d 2019-11-22 |i 4346149 |l 4 |m 2 |o 572.7 BIS 2004 |p 4346149 |r 2025-04-22 |s 2024-09-30 |w 2019-11-22 |y BK |k QUI | ||
| 952 | |0 0 |1 0 |4 0 |6 572_700000000000000_BIS_2004 |7 0 |8 A |9 407381 |a BIBING |b BIBING |d 2019-11-22 |i 4392191 |o 572.7 BIS 2004 |p 4392191 |r 2025-01-20 |w 2019-11-22 |y BK |k EIB | ||